Harry Potter, LOTR or Star Wars? Quiz Stats

Quiz Updated Jul 23, 2015

Challenge
Share
Tweet
Embed
Score 0/30 Timer 05:00
9 Plays Today
Actor Series (H, L, or S) % Correct
Daniel Radcliffe???
94%
Harrison Ford???
92.4%
Orlando Bloom???
92%
Elijah Wood???
91.2%
Alan Rickman???
89.8%
Mark Hamill???
87.2%
Viggo Mortensen???
86.4%
James Earl Jones???
86.3%
Ian McKellen???
85.7%
Ewan McGregor???
85.2%
Cate Blanchett???
85.1%
Liam Neeson???
85%
Ralph Fiennes???
84.6%
Liv Tyler???
84.5%
Sean Bean???
84.3%
Actor Series (H, L, or S) % Correct
Hayden Christensen???
84.1%
Gary Oldman???
83.4%
Sean Astin???
80.8%
Emma Thompson???
79.1%
Robbie Coltrane???
77.8%
Alec Guinness???
75.2%
Frank Oz???
73.6%
Julie Walters???
72.3%
Dominic Monaghan???
71.7%
Evanna Lynch???
69.8%
Richard Griffiths???
68.5%
Anthony Daniels???
64.7%
Ian Holm???
62.9%
Ray Park???
58.3%
David Bradley???
46.7%

You're not logged in!

Compare scores with friends on all Sporcle quizzes.
Sign Up with Email
OR
Log In

You Might Also Like...

Show Comments

Extras

Top Quizzes Today


Score Distribution

Your Account Isn't Verified!

In order to create a playlist on Sporcle, you need to verify the email address you used during registration. Go to your Sporcle Settings to finish the process.